Responses for show #4655 - Friday, November 26, 2004

Ken Jennings game 73.

Contestants

[<< previous game]

Sanda Kurtz, a price protection manager from Miami Beach, Florida

Andrew Smith, an online high school teacher from Lake Elizabeth, California

Ken Jennings, a software engineer from Salt Lake City, Utah (whose 72-day cash winnings total $2,460,100)

[next game >>]

Jeopardy! Round responses

THE 50 STATES
I'M NOT A DOCTOR, BUT I PLAY ONE ON TV
(Alex: You have to name the actor.)
AWARDS
NAME THE DECADE
FRAIDY CAT
CROSSWORD CLUES "D"
    $200 2
Dade

Ken
    $200 1
Alan Alda

Andrew
    $200 21
Neil Armstrong

Andrew
    $200 22
(Andrew: 194--What were the 1940s?)

the 1950s

KenAndrew
    $200 7
mice

Ken
    $200 16
Dracula

Ken
    $400 12
Wisconsin

Ken
    $400 3
Jane Seymour

Sanda
    $400 23
Florence Nightingale

Andrew
    $400 27
the 1980s

Ken
    $400 8
France

Andrew
    $400 17
Delilah

Andrew
    $600 13
Washington

Ken
    $600 4
Neil Patrick Harris

Ken
    $600 24
Survivor

Ken
    $600 28
1850s

Ken
    $600 9
blushing

Ken
    $600 18
(Andrew: What is the drachma?)
...
(Alex: Yes, 8 letters. It was plural.)

drachmas

KenAndrew
    $800 14
Utah

Ken
    $800 5
(Sanda: Oh my God!... Who is... [*]?)

DeForest Kelley

Sanda
    $800 25
science fiction

Andrew
    $800 29
1870s

Ken
    $800 10
waves

Ken
    $800 19
Della

Sanda
    $1000 15
Maine

Ken
    $1000 6
Chad Everett

Sanda
    $1000 26
U Thant

Andrew
    $1000 30
(Andrew: What were the 1820s?)
(Sanda: What were the... 1780s?)
...
(Alex: Ha, ha! Don't you love it when your two opponents eliminate decades you might have been thinking of?)

1790s

KenAndrewSanda
    $2,000 11
the birds and the bees (or sex)

Ken
    $1000 20
Dreiser

Ken

Scores at the first commercial break (after clue 15):

Ken Andrew Sanda
$7,200 $600 $2,200

Scores at the end of the Jeopardy! Round:

Ken Andrew Sanda
$12,600 $1,600 $2,000

Double Jeopardy! Round responses

ART HISTORY
& JOAN RIVERS RUNS THROUGH IT
SHAKESPEARE'S SMALL PARTS
COMMON BONDS
THE "K" TEAM
MUSICAL IDIOMS
    $400 8
a smile

Ken
    $400 26
(Ken: Who is Leno?)

Johnny Carson

KenSanda
    $400 2
Falstaff

Andrew
    $400 13
brands of mouthwash

Ken
    $400 18
John F. Kennedy

Ken
    $400 1
whistling "Dixie"

Ken
    $800 9
frescoes

Sanda
    $800 27
Manhattan

Ken
    $800 4
Petruchio

Ken
    $800 14
snakes

Sanda
    $800 19
Kellogg

Sanda
    $2,000 3
the piper

Andrew
    $1200 10
(Alex: Good. Fragonard's painting, yes.)

the 18th

Ken
    $1200 28
Look Who's Talking

Ken
    $1200 5
Hamlet

Ken
    $1200 15
rock bands

Ken
    $1200 20
Jack Kemp

Ken
    $1200 23
singing his praises

Sanda
    $9,800 11
Cubism

Ken
    $1600 29
Spaceballs

Ken
    $1600 6
A Midsummer Night's Dream

Ken
    $1600 16
(Ken: What are... oh, I don't know.)

things that are screened

Ken
Triple Stumper
    $1600 21
(Ken: Who is, um... aah!)

George S. Kaufman

Ken
Triple Stumper
    $1600 24
a false note

Ken
    $2000 12
Nocturne

Ken
    $2000 30
Gene Wilder

Ken
    $2000 7
Henry VIII

Ken
    $2000 17
things with castles

Ken
    $2000 22
(Sanda: Who is Gene Krupa?)

Stan Kenton

Sanda
Triple Stumper
    $2000 25
(Sanda: What is "low-key," "keeping it low-key"?)

soft-pedal

AndrewSanda

Scores at the end of the Double Jeopardy! Round:

Ken Andrew Sanda
$40,800 $6,000 $2,000
(lock game)

[wagering suggestions for these scores]

Final Jeopardy! Round responses

19th CENTURY U.S. HISTORY
(Alex: ...and you're $8300 shy of $2.5 million. You'll have to wait for the next program.)
SandaWhat Germany Austria England
$19
AndrewWhat are Britain Spain and Mexico
$7
KenWhat are Spain, Mexico, and the UK CSA?
$9,200
Britain, Spain & Mexico

Final scores:

Ken Andrew Sanda
$31,600 $6,007 $1,981
73-day champion: $2,491,700 2nd place: $2,000 3rd place: $1,000

Game dynamics:

Coryat scores:

Ken Andrew Sanda
$31,600 $4,800 $2,000
38 R
(including 2 DDs),
3 W
10 R
(including 1 DD),
3 W
9 R,
3 W

Combined Coryat: $38,400

The J! Archive is created by fans, for fans. The Jeopardy! game show and all elements thereof, including but not limited to copyright and trademark thereto, are the property of Jeopardy Productions, Inc. and are protected under law. This website is not affiliated with, sponsored by, or operated by Jeopardy Productions, Inc. Join the discussion at JBoard.tv.